| 000 | 00736nam a2200229 a 4500 | ||
|---|---|---|---|
| 005 | 20230217121524.0 | ||
| 008 | 161027s1994 mx r 000 0 spa d | ||
| 020 | _a8485896785 | ||
| 035 | _aUPN01000214301 | ||
| 049 | _aCG | ||
| 050 | 4 |
_aHN590 Z9 _bM3.8 |
|
| 100 | 1 |
_aMarchioni, Marco _940005 |
|
| 245 | 1 | 3 |
_aLa utopía posible : _bla intervención comunitaria en las nuevas condiciones sociales / _cMarco Marchioni. |
| 260 |
_aIslas Canarias : _bBenchomo, _c1994. |
||
| 300 |
_a360 p. : _bil. |
||
| 440 | 0 |
_aTaro ; _v6 |
|
| 650 | 4 |
_aDesarrollo de la comunidad _zEspaña _925578 |
|
| 650 | 4 |
_aORGANIZACION DE LA COMUNIDAD - _zESPAÑA _925577 |
|
| 651 | 4 |
_aESPAÑA - _xPOLITICA SOCIAL _922425 |
|
| 905 | _aLibro | ||
| 999 |
_c186401 _d186401 |
||